006490000a22002290004500082002100000518001300021530000800034100002400042245008000066260002100146502005800167260000900225300000900234041000800243500003700251650002300288650002000311650001800331650002300349650002100372650002600393 a823.09bK146bcD a20020510 aDis aKarki, Lila Bahadur aBinarism and hybridity in Cary's Mister Johnson; a postcolonial perspective aKathmandu, Nepal aDissertationbDegree in English, Tribhuvan University c2002 a79p. aEng aBibliography at the end the text aEnglish literature aEnglish fiction aEnglish novel aLiterary criticism aLiterary history aCary, Joyce 1888-1957